000 00270nam a2200109Ia 4500
008 200302s9999 xx 000 0 und d
100 _aGyo Obata
245 _aGyp Obata : Architect Clients Refelctions
260 _bImages Publishing Ltd.
260 _c2010
300 _a240
999 _c4693
_d4693